• 首页
  • 本馆介绍
  • 公告通知
  • 最新文献
  • 馆藏检索
  • 电子资源
  • 读者导购
  • 参考咨询
  • 我的图书馆
  • 登录
  • 详细信息显示
  • 放入我的书架
  • 预约/预借图书
  • 作者相关作品
  • 分类相关作品
  • 丛书相关作品
  • 出版社相关作品

书目信息

  • 表格格式
  • 工作单格式
  • 卡片格式
题名:
伊朗危机与冷战的起源1941-1947
    
 
作者: 李春放
分册:  
出版信息: 北京   社会科学文献出版社  2001
页数: 414
开本: 20cm
丛书名: 东方历史学术文库
单 册:
中图分类: K373
科图分类:
主题词: 西亚--历史
电子资源:
ISBN: 7-80149-585-3
000 00608nam0 2200205 450
001 0757995392
005 20071007160635.39
010    @a7-80149-585-3@d28
100    @a20071007d km y0chiy0120 ea
101 0  @achi
200 1  @a伊朗危机与冷战的起源1941-1947@Ayi lang wei ji yu leng zhan de qi yuan 1941-1947@f李春放@Fli chun fang
210    @a北京@c社会科学文献出版社@d2001
215    @a414@d20cm
225 2  @a东方历史学术文库
410  0 @12001 @a东方历史学术文库
606 0  @a西亚@x历史
690    @aK373@v3
701  0 @a李春放@Ali chun fang
801  0 @aCN@bPFT@c20071007
905    @a213230@dK373@ea2@f1
    
    伊朗危机与冷战的起源1941-1947/李春放.-北京:社会科学文献出版社,2001
    414;20cm.-(东方历史学术文库)
    
    
    ISBN 7-80149-585-3:28
    
●
相关链接 在E读中查询图书 在五车中查询图书 在当当中查询图书 在豆瓣中查询图书


正题名:伊朗危机与冷战的起源1941-1947     索取号:K373/a2         预约/预借

序号 登录号 条形码 馆藏地/架位号 状态 备注
1 7508623   275086238   密集书库-史法系/ [索取号:K373/a2] 在馆    
唐山师范学院图书馆 欢迎您!
大连网信软件有限公司© 版权所有